书目信息 |
| 题名: |
文化产业政策与文化产业发展研究
|
|
| 作者: | 欧阳坚 著 | |
| 分册: | ||
| 出版信息: | 北京 中国经济出版社 2011.6 |
|
| 页数: | 301页 | |
| 开本: | 24cm | |
| 丛书名: | ||
| 单 册: | ||
| 中图分类: | G124 | |
| 科图分类: | ||
| 主题词: | 文化产业--政策--研究--中国 , 文化产业--发展--研究--中国 | |
| 电子资源: | ||
| ISBN: | 978-7-5136-0739-1 | |
| 000 | 00909nam0 2200241 45 | |
| 001 | 1360083624 | |
| 005 | 20130530101003.67 | |
| 010 | @a978-7-5136-0739-1@dCNY38.00 | |
| 100 | @a20130513d2011 em y0chiy50 ea | |
| 101 | 0 | @achi |
| 102 | @aCN@b110000 | |
| 105 | @ay z 000yy | |
| 106 | @ar | |
| 200 | 1 | @a文化产业政策与文化产业发展研究@AWen Hua Chan Ye Zheng Ce Yu Wen Hua Chan Ye Fa Zhan Yan Jiu@f欧阳坚著@FOu Yang Jian Zhu |
| 210 | @a北京@c中国经济出版社@d2011.6 | |
| 215 | @a301页@d24cm | |
| 330 | @a本书分为政策篇和发展篇两部分,内容包括我国文化产业政策的历史回顾、以往研究成果评述、文化产业特殊性剖析、文化发展繁荣的春天正在到来、“十二五”期间我国文化发展的战略选择和主要任务等。 | |
| 606 | 0 | @a文化产业@x政策@x研究@y中国 |
| 606 | 0 | @a文化产业@x发展@x研究@y中国 |
| 690 | @aG124@v5 | |
| 701 | 0 | @a欧阳坚@AOu Yang Jian@4著 |
| 801 | @aCN@bTANGWEI@c20130522 | |
| 905 | @b0833900-03@dG124@e122@f4 | |
| 文化产业政策与文化产业发展研究/欧阳坚著.-北京:中国经济出版社,2011.6 |
| 301页;24cm |
| ISBN 978-7-5136-0739-1:CNY38.00 |
| 本书分为政策篇和发展篇两部分,内容包括我国文化产业政策的历史回顾、以往研究成果评述、文化产业特殊性剖析、文化发展繁荣的春天正在到来、“十二五”期间我国文化发展的战略选择和主要任务等。 |
| ● |
| 相关链接 |
|
|
|
|
正题名:文化产业政策与文化产业发展研究
索取号:G124/122
 
预约/预借
| 序号 | 登录号 | 条形码 | 馆藏地/架位号 | 状态 | 备注 |
| 1 | 0833900 | 208339001 | 第一样本阅览室/ [索取号:G124/122] | 在馆 | |
| 2 | 0833901 | 208339010 | 第四借阅区/ [索取号:G124/122] | 在馆 | |
| 3 | 0833902 | 208339029 | 第四借阅区/ [索取号:G124/122] | 在馆 | |
| 4 | 0833903 | 208339038 | 第四借阅区/ [索取号:G124/122] | 在馆 |